00674nam a2200205 a 4500999001500000001000500015003000900020005001700029008004100046040002800087082002000115100002500135245006500160260004700225300002200272505001100294650002900305942001200334952012200346 c6755d67559249BD-DhUAP20210106154815.0200308s ii a b 001 0 eng d aDLCcDLCdBD-DhUAPbeng00223a297.122 ALI aAli, Abdullah Yusuf. aThe meaning of the glorious Qurʼān /cAbdullah Yusuf Ali. aLebanon :bDar al-Kitab al-Masri,c[...?]. avolumes ;c24 cm. aV. 2-- aQurʼan -- Commentaries. 2ddccBK 00102ddc4070aUAPCLbUAPCLcGeneral Stacksd2021-01-06o297.122 ALI V-2p3010009249r2021-01-06t1w2021-01-06yBK